Nghiên cứu bảo quản dây dưa hấu (Citrullus lanatus) và ảnh hưởng của nó trong khẩu phần lên năng suất, chất lượng sữa bò và hiệu quả kinh tế : (Chuyên ngành chăn nuôi)
Nội dung đề tài xác định biện pháp tối ưu bảo quản dây dưa hấu ủ chua ở các tỷ lệ khác nhau lên năng suất và chất lượng sữa bò.
Salvato in:
| Autore principale: | |
|---|---|
| Natura: | Libro |
| Lingua: | Undetermined |
| Pubblicazione: |
Cần Thơ
Trường Đại học Cần Thơ
2008
|
| Soggetti: | |
| Tags: |
Aggiungi Tag
Nessun Tag, puoi essere il primo ad aggiungerne! !
|
| Thư viện lưu trữ: | Trung tâm Học liệu Trường Đại học Cần Thơ |
|---|
| LEADER | 01209nam a2200229Ia 4500 | ||
|---|---|---|---|
| 001 | CTU_135643 | ||
| 008 | 210402s9999 xx 000 0 und d | ||
| 082 | |a 636.085 | ||
| 082 | |b Gi106 | ||
| 088 | |a 60620105 | ||
| 100 | |a Nguyễn, Thanh Giang | ||
| 245 | 0 | |a Nghiên cứu bảo quản dây dưa hấu (Citrullus lanatus) và ảnh hưởng của nó trong khẩu phần lên năng suất, chất lượng sữa bò và hiệu quả kinh tế : | |
| 245 | 0 | |b (Chuyên ngành chăn nuôi) | |
| 245 | 0 | |c Nguyễn Thanh Giang ; Nguyễn Văn Thu giáo viên hướng dẫn | |
| 260 | |a Cần Thơ | ||
| 260 | |b Trường Đại học Cần Thơ | ||
| 260 | |c 2008 | ||
| 520 | |a Nội dung đề tài xác định biện pháp tối ưu bảo quản dây dưa hấu ủ chua ở các tỷ lệ khác nhau lên năng suất và chất lượng sữa bò. | ||
| 650 | |a Citrullus lanatus,Ruminant nutrition,Fruit,Dưa hấu,Dinh dưỡng động vật nhai lại,Trái cây | ||
| 650 | |x Preservation,Bảo quản | ||
| 904 | |i Tuyến | ||
| 980 | |a Trung tâm Học liệu Trường Đại học Cần Thơ | ||